Bois de la baguette Harry Potter - Statistiques

Statistiques générales
  • Ce quiz a été pris 49 fois
  • Le résultat moyen est 3 sur 8
Statistiques - réponses
Personne Bois % Correct
Harry Potter Houx
97%
Hermione Granger Vigne
64%
Voldemort If
47%
Drago Malefoy Aubépine
39%
Ron Weasley Saule
28%
Bellatrix Lestrange Noyer
25%
Neville Cerisier
11%
James Potter Acajou
8%
Aucun quiz correspondant
Distribution des résultats
% des personnes avec chaque résultat
Percentile par nombre de réponses
Votre historique - résultats
Vous n’avez pas pris ce quiz